[Event "Budapest FS04 IM"]
[Site "Budapest"]
[Date "2025.04.06"]
[Round "2"]
[White "Papp, Levente"]
[Black "Kheerthi, Ganta"]
[Result "1-0"]
[WhiteElo "2376"]
[BlackElo "1967"]
[PlyCount "57"]
[EventDate "2025.04.05"]
[EventType "tourn"]
[EventRounds "9"]
[EventCountry "HUN"]
[SourceTitle "CB16_2025"]
[SourceDate "2025.04.16"]
[SourceVersion "1"]
[SourceVersionDate "2025.04.16"]
[SourceQuality "1"]

1. Nf3 d5 2. c4 e6 3. g3 Nf6 4. Bg2 c6 5. 0-0 dxc4 6. a4 a6 7. Qc2 b5 8. axb5 cxb5 9. Nd4 Qxd4 10. Bxa8 Nd5 11. Nc3 Be7 12. Nxd5 exd5 13. Qc3 Qxc3 14. dxc3 d4 15. cxd4 Kd7 16. Bg2 Bd6 17. e4 Bb7 18. Bd2 Nc6 19. e5 Be7 20. Rfe1 Ra8 21. Rad1 Nd8 22. d5 Bc5 23. e6+ fxe6 24. dxe6+ Ke8 25. e7 Nc6 26. Bg5 Bb4 27. Rd8+ Nxd8 28. exd8Q+ Kf7 29. Qd7+ 1-0

[Event "IND-ch (Women) 50th"]
[Site "Karaikudi"]
[Date "2024.10.09"]
[Round "7"]
[White "Shanmathi Sree, S."]
[Black "Kheerthi, Ganta"]
[Result "1-0"]
[WhiteElo "1762"]
[BlackElo "1986"]
[PlyCount "91"]
[EventDate "2024.10.03"]
[EventType "swiss"]
[EventRounds "11"]
[EventCountry "IND"]
[SourceTitle "CB47_2024"]
[SourceDate "2024.11.20"]
[SourceVersion "1"]
[SourceVersionDate "2024.11.20"]
[SourceQuality "1"]

1. e4 e5 2. Nf3 Nc6 3. Bc4 Nf6 4. d3 h6 5. 0-0 d6 6. c3 g5 7. a4 Bg7 8. a5 a6 9. Nbd2 0-0 10. h3 Ne7 11. Re1 Ng6 12. Nf1 Be6 13. Bb3 Nh5 14. Bxe6 fxe6 15. Nxg5 Nhf4 16. Nf3 Qf6 17. N1h2 Kh8 18. Kh1 Rf7 19. Ng1 Qh4 20. g3 Nxh3 21. gxh4 Nxf2+ 22. Kg2 Nxh4+ 23. Kg3 Nxd1 24. Rxd1 Bf6 25. Kh3 h5 26. Ne2 Raf8 27. Bh6 Rg8 28. Rg1 Ng6 29. Raf1 Kh7 30. Bg5 Rgf8 31. Bxf6 Rxf6 32. Rxf6 Rxf6 33. Rf1 Nf4+ 34. Nxf4 exf4 35. d4 e5 36. dxe5 dxe5 37. Nf3 b6 38. Kh4 bxa5 39. Kxh5 Rb6 40. Rf2 Rg6 41. Rd2 Rg3 42. Nxe5 Kg7 43. Rf2 Kf6 44. Ng4+ Ke6 45. Rxf4 Rg2 46. Rf2 1-0

[Event "IND-ch (Women) 50th"]
[Site "Karaikudi"]
[Date "2024.10.05"]
[Round "3"]
[White "Varshini, Veileven"]
[Black "Kheerthi, Ganta"]
[Result "1-0"]
[WhiteElo "2142"]
[BlackElo "1986"]
[PlyCount "131"]
[EventDate "2024.10.03"]
[EventType "swiss"]
[EventRounds "11"]
[EventCountry "IND"]
[SourceTitle "CB47_2024"]
[SourceDate "2024.11.20"]
[SourceVersion "1"]
[SourceVersionDate "2024.11.20"]
[SourceQuality "1"]

1. d4 Nf6 2. Bg5 Ne4 3. Bf4 g5 4. Bc1 g4 5. e3 d5 6. Nd2 Nxd2 7. Bxd2 Bf5 8. Ne2 h5 9. Nf4 e6 10. c4 c6 11. cxd5 exd5 12. Bd3 Bxd3 13. Nxd3 Bd6 14. Bb4 Bc7 15. Qc2 Nd7 16. 0-0-0 Qf6 17. Qb3 Nb6 18. Bc5 Kd7 19. Ne5+ Kc8 20. f3 Nd7 21. Nxd7 Kxd7 22. e4 b6 23. Bb4 Bf4+ 24. Kb1 gxf3 25. gxf3 Rae8 26. Ka1 Qe6 27. e5 f6 28. Rhg1 Rhg8 29. Qd3 Kc8 30. Qh7 fxe5 31. Rxg8 Rxg8 32. Bd6 Qxd6 33. Qxg8+ Kb7 34. Rg1 Ka6 35. Qg6 exd4 36. Qxd6 Bxd6 37. h4 Bf4 38. Kb1 c5 39. Rg7 d3 40. Rh7 d4 41. Rxh5 c4 42. Rd5 Be3 43. h5 Kb7 44. h6 d2 45. Kc2 d3+ 46. Kd1 Bxh6 47. b3 cxb3 48. axb3 Kc6 49. Rh5 Be3 50. Re5 Bf4 51. Re4 Bg5 52. f4 Bd8 53. Kxd2 Kd5 54. Kxd3 Bf6 55. Re8 a5 56. Rb8 Kc5 57. f5 b5 58. Ra8 Kb4 59. Ra6 Bh8 60. Kc2 a4 61. bxa4 bxa4 62. f6 Kc5 63. f7 Bg7 64. Ra8 a3 65. f8Q+ Bxf8 66. Rxf8 1-0

[Event "Biel HTO 57th"]
[Site "Biel"]
[Date "2024.07.20"]
[Round "6"]
[White "Coles, Robin"]
[Black "Kheerthi, Ganta"]
[Result "1-0"]
[WhiteElo "2084"]
[BlackElo "1918"]
[PlyCount "81"]
[EventDate "2024.07.15"]
[EventType "swiss"]
[EventRounds "10"]
[EventCountry "SUI"]
[SourceTitle "CBM 221"]
[Source "ChessBase"]
[SourceDate "2024.08.31"]
[SourceVersion "1"]
[SourceVersionDate "2024.08.31"]
[SourceQuality "1"]

1. e4 e5 2. Nf3 Nc6 3. Bb5 a6 4. Ba4 Nf6 5. 0-0 b5 6. Bb3 Bc5 7. a4 Rb8 8. c3 d6 9. d4 Bb6 10. a5 Ba7 11. h3 0-0 12. Be3 Re8 13. Ng5 Rf8 14. Nf3 Qe7 15. Re1 h6 16. Nbd2 Kh8 17. Nf1 exd4 18. cxd4 Nb4 19. Qd2 c5 20. Ng3 Nh7 21. d5 f6 22. Nh4 Qf7 23. Bd1 g5 24. Bh5 Qc7 25. Ng6+ Kg7 26. Nxf8 Nxf8 27. f4 Nh7 28. fxg5 hxg5 29. Rf1 Bd7 30. Bxg5 Be8 31. Bxf6+ Kg8 32. Nf5 Nxf6 33. Qg5+ Kh7 34. Qxf6 c4+ 35. Kh1 Bxh5 36. Qh6+ Kg8 37. Qxh5 Rb7 38. Qe8+ Kh7 39. Qh5+ Kg8 40. Qg6+ Kh8 41. Rf4 1-0

[Event "Biel HTO 57th"]
[Site "Biel"]
[Date "2024.07.17"]
[Round "3"]
[White "Kheerthi, Ganta"]
[Black "Selinga, Jan"]
[Result "1/2-1/2"]
[WhiteElo "1918"]
[BlackElo "2023"]
[PlyCount "77"]
[EventDate "2024.07.15"]
[EventType "swiss"]
[EventRounds "10"]
[EventCountry "SUI"]
[SourceTitle "CBM 221"]
[Source "ChessBase"]
[SourceDate "2024.08.31"]
[SourceVersion "1"]
[SourceVersionDate "2024.08.31"]
[SourceQuality "1"]

1. d4 Nf6 2. Nf3 g6 3. c4 Bg7 4. Nc3 d5 5. cxd5 Nxd5 6. e4 Nxc3 7. bxc3 c5 8. Bb5+ Nc6 9. d5 Qa5 10. Rb1 a6 11. Bxc6+ bxc6 12. dxc6 Bxc3+ 13. Bd2 Be6 14. Rc1 Bxd2+ 15. Qxd2 Qb4 16. 0-0 Qxd2 17. Nxd2 0-0-0 18. Nb3 Bxb3 19. axb3 Kc7 20. Rxc5 Rd6 21. Rfc1 Rb8 22. R5c3 Rb6 23. Kf1 Rd2 24. Ra1 Rb2 25. g3 h5 26. h4 Rd2 27. Ra4 Rd6 28. Ke2 Rdxc6 29. Rac4 Rxc4 30. Rxc4+ Kd6 31. b4 f5 32. Ke3 e5 33. f4 Rb5 34. Kf3 exf4 35. Kxf4 fxe4 36. Kxe4 Re5+ 37. Kf4 Rf5+ 38. Ke3 Rf1 39. g4 1/2-1/2

[Event "Baku op"]
[Site "Baku"]
[Date "2024.07.06"]
[Round "8"]
[White "Ismayil, Malak"]
[Black "Kheerthi, Ganta"]
[Result "1-0"]
[WhiteElo "2165"]
[BlackElo "1987"]
[PlyCount "87"]
[EventDate "2024.06.29"]
[EventType "swiss"]
[EventRounds "9"]
[EventCountry "AZE"]
[SourceTitle "CBM 221 Extra"]
[Source "ChessBase"]
[SourceDate "2024.09.30"]
[SourceVersion "1"]
[SourceVersionDate "2024.09.30"]
[SourceQuality "1"]

1. e4 e5 2. Nf3 Nc6 3. Bc4 Nf6 4. d3 h6 5. Nc3 d6 6. h3 Na5 7. Be3 Be7 8. Qd2 Nxc4 9. dxc4 c6 10. a3 0-0 11. 0-0 Be6 12. Qe2 Qc7 13. Nd2 d5 14. cxd5 cxd5 15. exd5 Nxd5 16. Nxd5 Bxd5 17. c4 Bc6 18. b4 b6 19. Rfc1 f5 20. c5 b5 21. f3 a6 22. Nb3 Bf6 23. Rab1 e4 24. f4 Rad8 25. Rd1 Bd5 26. Na5 Bf7 27. Qf2 Rxd1+ 28. Rxd1 Rd8 29. Rc1 Rd3 30. c6 Bd8 31. Nb7 Bc4 32. Nxd8 Qxd8 33. Bb6 Qc8 34. c7 e3 35. Qh4 Kh7 36. Qd8 Rxd8 37. cxd8Q Qe6 38. Qd4 e2 39. Qe3 Qd6 40. Bd4 Qd7 41. Kf2 Qd5 42. Qe5 Qf7 43. Rxc4 bxc4 44. Kxe2 1-0

[Event "Titled Tuesday intern op 25th Jun Early"]
[Site "Chess.com INT"]
[Date "2024.06.25"]
[Round "5"]
[White "Asish, Panda"]
[Black "Kheerthi, Ganta"]
[Result "0-1"]
[WhiteElo "1884"]
[BlackElo "1987"]
[PlyCount "120"]
[EventDate "2024.06.25"]
[EventType "swiss (blitz)"]
[EventRounds "11"]
[EventCountry "USA"]
[SourceTitle "EXT 2025"]
[Source "ChessBase"]
[SourceDate "2024.10.14"]
[SourceVersion "1"]
[SourceVersionDate "2024.10.14"]
[SourceQuality "1"]

1. e4 e5 2. Nf3 Nc6 3. Bc4 Nf6 4. d3 h6 5. c3 d6 6. Nbd2 g5 7. h3 Bg7 8. Nf1 d5 9. exd5 Nxd5 10. Ng3 Be6 11. Qe2 0-0 12. Ne4 Qe7 13. g4 Nf4 14. Bxf4 exf4 15. 0-0-0 Bxc4 16. dxc4 Rae8 17. Rhe1 f5 18. gxf5 Rxf5 19. Qc2 Qf7 20. Nd4 Rfe5 21. Nxc6 bxc6 22. Qd3 Qe6 23. f3 Qxh3 24. Qd7 Qxd7 25. Rxd7 g4 26. Rxc7 R5e7 27. Rxe7 Rxe7 28. fxg4 f3 29. Kd1 Be5 30. Rf1 Bf4 31. Nf6+ Kh8 32. Rxf3 Bg5 33. Nh5 Rd7+ 34. Kc2 Rd2+ 35. Kb3 Rg2 36. Rg3 Re2 37. a4 Bc1 38. c5 Rxb2+ 39. Kc4 Ra2 40. Rf3 Rxa4+ 41. Kb3 Rxg4 42. Rf8+ Kh7 43. Rf1 Bg5 44. Nf6+ Bxf6 45. Rxf6 Rg6 46. Rf7+ Rg7 47. Rf6 Rc7 48. Kc4 h5 49. Kd4 Kg7 50. Rf1 Rd7+ 51. Kc4 Rf7 52. Ra1 Kg6 53. Kd4 Rf6 54. Ke5 Rf5+ 55. Kd6 Rf6+ 56. Kc7 h4 57. Rg1+ Kh5 58. Kb7 h3 59. Kxa7 Kh4 60. Rg8 Rh6 0-1

[Event "Titled Tuesday intern op 25th Jun Early"]
[Site "Chess.com INT"]
[Date "2024.06.25"]
[Round "11"]
[White "Kheerthi, Ganta"]
[Black "Fiorito, Francisco"]
[Result "1-0"]
[WhiteElo "1987"]
[BlackElo "2407"]
[PlyCount "103"]
[EventDate "2024.06.25"]
[EventType "swiss (blitz)"]
[EventRounds "11"]
[EventCountry "USA"]
[SourceTitle "EXT 2025"]
[Source "ChessBase"]
[SourceDate "2024.10.14"]
[SourceVersion "1"]
[SourceVersionDate "2024.10.14"]
[SourceQuality "1"]

1. d4 Nf6 2. c4 b6 3. Nc3 Bb7 4. Qc2 d5 5. cxd5 Nxd5 6. e4 Nxc3 7. bxc3 e6 8. Nf3 Be7 9. Be3 0-0 10. Rd1 Nd7 11. Bd3 c5 12. d5 exd5 13. exd5 Nf6 14. c4 Bd6 15. 0-0 h6 16. Bd2 Re8 17. Bc3 Bc8 18. h3 Bd7 19. Rfe1 Nh5 20. Bh7+ Kh8 21. Bf5 Nf4 22. Rxe8+ Qxe8 23. Re1 Qc8 24. Bxd7 Qxd7 25. Qe4 Ng6 26. h4 Kg8 27. h5 Nf4 28. Ne5 Bxe5 29. Bxe5 Nxh5 30. Qh4 g6 31. g4 Ng7 32. f3 Qd8 33. Qxh6 f6 34. Bg3 Kf7 35. d6 b5 36. Re7+ Qxe7 37. dxe7 bxc4 38. Qf4 Ne6 39. Qxc4 Kxe7 40. f4 Rd8 41. f5 gxf5 42. gxf5 Ng5 43. Qxc5+ Kf7 44. Qc7+ Ke8 45. Bd6 Rd7 46. Qc8+ Rd8 47. Qc6+ Rd7 48. Bc5 Nf7 49. Bxa7 Ne5 50. Qe6+ Re7 51. Qxf6 Ng4 52. Qg6+ 1-0

[Event "Titled Tuesday intern op 25th Jun Early"]
[Site "Chess.com INT"]
[Date "2024.06.25"]
[Round "9"]
[White "Kheerthi, Ganta"]
[Black "Gunina, Valentina"]
[Result "1-0"]
[WhiteElo "1987"]
[BlackElo "2435"]
[PlyCount "51"]
[EventDate "2024.06.25"]
[EventType "swiss (blitz)"]
[EventRounds "11"]
[EventCountry "USA"]
[SourceTitle "EXT 2025"]
[Source "ChessBase"]
[SourceDate "2024.10.14"]
[SourceVersion "1"]
[SourceVersionDate "2024.10.14"]
[SourceQuality "1"]

1. d4 d5 2. Nf3 Nf6 3. e3 Bf5 4. Bd3 Bxd3 5. Qxd3 e6 6. Qb5+ Nbd7 7. Qxb7 Bd6 8. c4 dxc4 9. Nbd2 Nb6 10. Nxc4 0-0 11. Nxd6 Qxd6 12. Qa6 Qb4+ 13. Bd2 Qxb2 14. 0-0 Nbd5 15. Rab1 Qc2 16. Rfc1 Qf5 17. Rb7 g5 18. Ne5 Ne4 19. Be1 Rfd8 20. Rxa7 Rxa7 21. Qxa7 Nxe3 22. fxe3 Kg7 23. Rxc7 Nd6 24. Bb4 Qb1+ 25. Kf2 Qxb4 26. Rxf7+ 1-0

[Event "Titled Tuesday intern op 25th Jun Early"]
[Site "Chess.com INT"]
[Date "2024.06.25"]
[Round "1"]
[White "Kheerthi, Ganta"]
[Black "Skotheim, Andreas"]
[Result "1-0"]
[WhiteElo "1987"]
[BlackElo "2225"]
[PlyCount "97"]
[EventDate "2024.06.25"]
[EventType "swiss (blitz)"]
[EventRounds "11"]
[EventCountry "USA"]
[SourceTitle "EXT 2025"]
[Source "ChessBase"]
[SourceDate "2024.10.14"]
[SourceVersion "1"]
[SourceVersionDate "2024.10.14"]
[SourceQuality "1"]

1. d4 d5 2. c4 c5 3. cxd5 Nf6 4. Nc3 Nxd5 5. e4 Nxc3 6. bxc3 cxd4 7. cxd4 g6 8. Nf3 Bg7 9. Bb2 0-0 10. Be2 Nc6 11. 0-0 Bg4 12. Rb1 Bxf3 13. Bxf3 Nxd4 14. Bxd4 Bxd4 15. Rxb7 e5 16. Qb3 a5 17. Rc1 Qg5 18. Rcc7 a4 19. Qc2 Qf4 20. h3 a3 21. Kh1 Rab8 22. Rxb8 Rxb8 23. Rc8+ Rxc8 24. Qxc8+ Kg7 25. Qc2 h5 26. Kg1 Qg5 27. Bd1 Qf4 28. Qe2 Qc1 29. Qf1 Qb1 30. Bb3 Qxe4 31. Qc4 Qe1+ 32. Kh2 Qxf2 33. Qd5 Qf4+ 34. Kh1 Qc1+ 35. Kh2 Bg1+ 36. Kh1 Bd4+ 37. Kh2 Qg1+ 38. Kg3 h4+ 39. Kg4 f5+ 40. Kxh4 Qf2+ 41. g3 Kh6 42. Qe6 Be3 43. Qf6 Kh7 44. Qf7+ Kh6 45. Qf8+ Kh7 46. Bg8+ Kh8 47. Bf7+ Kh7 48. Qg8+ Kh6 49. Qxg6# 1-0

[Event "Titled Tuesday intern op 25th Jun Early"]
[Site "Chess.com INT"]
[Date "2024.06.25"]
[Round "8"]
[White "Skliarov, Viktor"]
[Black "Kheerthi, Ganta"]
[Result "0-1"]
[WhiteElo "2345"]
[BlackElo "1987"]
[PlyCount "114"]
[EventDate "2024.06.25"]
[EventType "swiss (blitz)"]
[EventRounds "11"]
[EventCountry "USA"]
[SourceTitle "EXT 2025"]
[Source "ChessBase"]
[SourceDate "2024.10.14"]
[SourceVersion "1"]
[SourceVersionDate "2024.10.14"]
[SourceQuality "1"]

1. e4 e5 2. Nc3 Nf6 3. Bc4 Bb4 4. Nge2 0-0 5. d3 c6 6. a3 Bc5 7. h3 d5 8. exd5 cxd5 9. Ba2 h6 10. Ng3 Nc6 11. 0-0 Be6 12. Nh5 Nxh5 13. Qxh5 Re8 14. Ne2 Rc8 15. Kh1 Qf6 16. Be3 d4 17. Bxe6 Qxe6 18. Bd2 Ne7 19. Ng3 Ng6 20. Nf5 Ne7 21. Nxe7+ Bxe7 22. c4 e4 23. Rae1 f5 24. Bb4 Bg5 25. h4 g6 26. Qd1 Bxh4 27. dxe4 fxe4 28. Qxd4 Qxc4 29. Qxc4+ Rxc4 30. Bc3 Kf7 31. Rd1 Ke6 32. g3 Bf6 33. Bxf6 Kxf6 34. Rd6+ Kg5 35. Rfd1 h5 36. Kg2 e3 37. R1d5+ Kh6 38. fxe3 Rxe3 39. Rd2 Rb3 40. R6d3 Rxd3 41. Rxd3 Rc2+ 42. Kh3 Rxb2 43. Rd7 Ra2 44. Rxb7 Rxa3 45. Kh4 a5 46. Ra7 g5+ 47. Kh3 h4 48. Ra6+ Kh5 49. Kh2 Rxg3 50. Rxa5 Rb3 51. Ra4 h3 52. Rc4 g4 53. Rc8 Rb2+ 54. Kg1 Kh4 55. Rc3 h2+ 56. Kh1 g3 57. Rc4+ Kg5 0-1

[Event "Wch U20 Girls 40th"]
[Site "Gandhinagar"]
[Date "2024.06.11"]
[Round "9"]
[White "Kheerthi, Ganta"]
[Black "Zhurova, Anna"]
[Result "1/2-1/2"]
[WhiteElo "1987"]
[BlackElo "2239"]
[PlyCount "55"]
[EventDate "2024.06.02"]
[EventType "swiss"]
[EventRounds "11"]
[EventCountry "IND"]
[SourceTitle "CBM 220 Extra"]
[Source "ChessBase"]
[SourceDate "2024.07.31"]
[SourceVersion "1"]
[SourceVersionDate "2024.07.31"]
[SourceQuality "1"]

1. d4 Nf6 2. c4 e6 3. Nc3 d5 4. cxd5 exd5 5. Bg5 Bb4 6. Qc2 h6 7. Bh4 g5 8. Bg3 Nc6 9. e3 h5 10. Bb5 h4 11. Be5 0-0 12. h3 Nxe5 13. dxe5 Ne4 14. Bd3 f5 15. Nge2 Qe7 16. a3 Bxc3+ 17. Nxc3 c6 18. f4 Ng3 19. Rg1 Qc5 20. Qf2 Be6 21. Ne2 Nxe2 22. Kxe2 Qb6 23. Rgb1 Rad8 24. fxg5 d4 25. Qxh4 dxe3 26. Qh6 Qb3 27. Qg6+ Kh8 28. Qh6+ 1/2-1/2

[Event "Wch U20 Girls 40th"]
[Site "Gandhinagar"]
[Date "2024.06.10"]
[Round "8"]
[White "Kheerthi, Ganta"]
[Black "Arya, G Mallar"]
[Result "1-0"]
[WhiteElo "1987"]
[BlackElo "1725"]
[PlyCount "95"]
[EventDate "2024.06.02"]
[EventType "swiss"]
[EventRounds "11"]
[EventCountry "IND"]
[SourceTitle "CBM 220 Extra"]
[Source "ChessBase"]
[SourceDate "2024.07.31"]
[SourceVersion "1"]
[SourceVersionDate "2024.07.31"]
[SourceQuality "1"]

1. d4 Nf6 2. Nf3 d5 3. e3 e6 4. Bd3 c5 5. b3 Nc6 6. Bb2 cxd4 7. exd4 Bd6 8. 0-0 0-0 9. Nbd2 Nb4 10. Be2 b6 11. a3 Nc6 12. Bd3 Bb7 13. Ne5 Rc8 14. f4 Ne7 15. Qe2 Rc7 16. Rf3 Qa8 17. Rh3 Ne4 18. Rf1 a5 19. Rff3 f6 20. Ng4 Rfc8 21. Rf1 Rxc2 22. Bxe4 dxe4 23. Nxf6+ gxf6 24. Qg4+ Kf8 25. Rxh7 R2c5 26. dxc5 Rxc5 27. Qxe6 Bd5 28. Qxf6+ Ke8 29. Qxd6 Qb7 30. Bf6 Rc7 31. Bxe7 Rxe7 32. Rxe7+ Qxe7 33. Qxe7+ Kxe7 34. Nxe4 Bxb3 35. f5 a4 36. f6+ Kf8 37. Nd6 Bf7 38. Nxf7 Kxf7 39. g4 b5 40. g5 b4 41. axb4 a3 42. g6+ Kxg6 43. f7 a2 44. f8Q a1Q 45. Qf5+ Kh6 46. Rxa1 Kg7 47. Ra7+ Kg8 48. Qc8# 1-0

[Event "Wch U20 Girls 40th"]
[Site "Gandhinagar"]
[Date "2024.06.09"]
[Round "7"]
[White "Jain, Ashita"]
[Black "Kheerthi, Ganta"]
[Result "1/2-1/2"]
[WhiteElo "1744"]
[BlackElo "1987"]
[PlyCount "57"]
[EventDate "2024.06.02"]
[EventType "swiss"]
[EventRounds "11"]
[EventCountry "IND"]
[SourceTitle "CBM 220 Extra"]
[Source "ChessBase"]
[SourceDate "2024.07.31"]
[SourceVersion "1"]
[SourceVersionDate "2024.07.31"]
[SourceQuality "1"]

1. d4 d5 2. c4 e6 3. Nf3 c6 4. g3 dxc4 5. Bg2 b5 6. 0-0 Nd7 7. a4 Bb7 8. Nc3 a6 9. Ne5 Nxe5 10. dxe5 Qc7 11. axb5 cxb5 12. Nxb5 axb5 13. Rxa8+ Bxa8 14. Bxa8 Bc5 15. b3 Ne7 16. bxc4 0-0 17. Be4 bxc4 18. Qc2 h6 19. Bb2 Rc8 20. Rc1 Bb6 21. Qd1 Qa7 22. Kg2 Rd8 23. Qe1 Qa4 24. Qc3 Rc8 25. Bb7 Rb8 26. Be4 Rc8 27. Bb7 Rb8 28. Be4 Rc8 29. Bb7 1/2-1/2

[Event "Titled Tuesday intern op 30th Apr Early"]
[Site "Chess.com INT"]
[Date "2024.04.30"]
[Round "2"]
[White "Kheerthi, Ganta"]
[Black "Domingo Nunez, Alejandro"]
[Result "1-0"]
[WhiteElo "1987"]
[BlackElo "2318"]
[PlyCount "75"]
[EventDate "2024.04.30"]
[EventType "swiss (blitz)"]
[EventRounds "11"]
[EventCountry "USA"]
[SourceTitle "CBM 220 Extra"]
[Source "ChessBase"]
[SourceDate "2024.07.31"]
[SourceVersion "1"]
[SourceVersionDate "2024.07.31"]
[SourceQuality "1"]

1. d4 g6 2. c4 Bg7 3. Nc3 d6 4. e4 Nf6 5. Nf3 0-0 6. Be2 e5 7. dxe5 dxe5 8. Qxd8 Rxd8 9. Bg5 Re8 10. Nd5 Nxd5 11. cxd5 c6 12. Bc4 cxd5 13. Bxd5 Nd7 14. 0-0-0 Nb6 15. Bb3 Bd7 16. Kb1 Bc6 17. Nd2 h6 18. Be3 Nc8 19. f3 Nd6 20. Nc4 Nb5 21. Nd6 Nxd6 22. Rxd6 Bf8 23. Rxg6+ Kh7 24. Rf6 Bg7 25. Rxf7 Rad8 26. Rc7 Rd3 27. Bxa7 Rd2 28. g3 Rf8 29. Rf1 Bxe4+ 30. Kc1 Rxh2 31. Bc5 Rf5 32. g4 Rf4 33. Be3 Rxf3 34. Rxf3 Bxf3 35. Bc2+ e4 36. Bd4 Rh1+ 37. Kd2 Rh2+ 38. Kc3 1-0

[Event "Wch U16 Girls"]
[Site "Montesilvano"]
[Date "2023.11.23"]
[Round "10"]
[White "Zhou, Shumeng"]
[Black "Kheerthi, Ganta"]
[Result "1/2-1/2"]
[WhiteElo "1559"]
[BlackElo "2030"]
[PlyCount "67"]
[EventDate "2023.11.13"]
[EventType "swiss"]
[EventRounds "11"]
[EventCountry "ITA"]
[SourceTitle "CBM 217 Extra"]
[Source "ChessBase"]
[SourceDate "2024.01.31"]
[SourceVersion "1"]
[SourceVersionDate "2024.01.31"]
[SourceQuality "1"]

1. Nf3 d5 2. g3 Nf6 3. Bg2 c6 4. c4 e6 5. b3 Nbd7 6. Bb2 Bd6 7. d4 0-0 8. 0-0 a5 9. Qc2 Ne4 10. Nfd2 f5 11. f3 Nxd2 12. Qxd2 f4 13. g4 h5 14. Ba3 Bxa3 15. Nxa3 Qg5 16. h3 Nf6 17. Nc2 e5 18. dxe5 Qxe5 19. e3 fxe3 20. Qxe3 Qxe3+ 21. Nxe3 d4 22. Nc2 c5 23. Ne1 b6 24. Nd3 Bb7 25. a4 hxg4 26. hxg4 Rae8 27. Rae1 Nh7 28. f4 Bxg2 29. Kxg2 Nf6 30. Kf3 g6 31. Ne5 Kg7 32. g5 Nh7 33. Kg4 Re6 34. Rh1 1/2-1/2

[Event "Wch U16 Girls"]
[Site "Montesilvano"]
[Date "2023.11.22"]
[Round "9"]
[White "Kheerthi, Ganta"]
[Black "Gvatua, Mariam"]
[Result "1/2-1/2"]
[WhiteElo "2030"]
[BlackElo "1701"]
[PlyCount "106"]
[EventDate "2023.11.13"]
[EventType "swiss"]
[EventRounds "11"]
[EventCountry "ITA"]
[SourceTitle "CBM 217 Extra"]
[Source "ChessBase"]
[SourceDate "2024.01.31"]
[SourceVersion "1"]
[SourceVersionDate "2024.01.31"]
[SourceQuality "1"]

1. d4 Nf6 2. Nf3 g6 3. c4 Bg7 4. Nc3 0-0 5. e4 d6 6. Be2 e5 7. dxe5 dxe5 8. Qxd8 Rxd8 9. Bg5 Re8 10. Nd5 Nxd5 11. cxd5 h6 12. Be3 c6 13. Bc4 Bd7 14. 0-0-0 Rc8 15. Kb1 cxd5 16. Bxd5 Rc7 17. Rd2 Bc6 18. Rc1 Nd7 19. Rdc2 Nb8 20. b4 a6 21. Bb6 Re7 22. Ba5 Kh7 23. Nd2 f5 24. f3 Bf8 25. Nb3 Bxd5 26. exd5 Nd7 27. d6 Rf7 28. Bc7 Re8 29. Nc5 e4 30. fxe4 fxe4 31. Re2 Nxc5 32. bxc5 Bg7 33. Rc4 e3 34. Kc2 h5 35. Rb4 Re5 36. Rc4 Rd7 37. Rc3 Bh6 38. Kd3 Kg7 39. Kd4 Kf6 40. Rb3 Ke6 41. Rxb7 Rf7 42. g3 Rd5+ 43. Kc4 Rd2 44. Rxd2 exd2 45. Rb1 Kd7 46. Ba5 Rf8 47. Kc3 Rf3+ 48. Kb2 Rd3 49. Rd1 Rd5 50. Bb6 Kc6 51. Kc2 Re5 52. Kd3 Re1 53. Kc2 Re5 1/2-1/2

[Event "Wch U16 Girls"]
[Site "Montesilvano"]
[Date "2023.11.21"]
[Round "8"]
[White "Peglau, Dora"]
[Black "Kheerthi, Ganta"]
[Result "1/2-1/2"]
[WhiteElo "1937"]
[BlackElo "2030"]
[PlyCount "118"]
[EventDate "2023.11.13"]
[EventType "swiss"]
[EventRounds "11"]
[EventCountry "ITA"]
[SourceTitle "CBM 217 Extra"]
[Source "ChessBase"]
[SourceDate "2024.01.31"]
[SourceVersion "1"]
[SourceVersionDate "2024.01.31"]
[SourceQuality "1"]

1. e4 e5 2. Nf3 Nc6 3. Nc3 Nf6 4. Bc4 Bc5 5. d3 d6 6. Bg5 h6 7. Bxf6 Qxf6 8. Nd5 Qg6 9. Qe2 Bg4 10. c3 Bb6 11. a4 Kd7 12. b4 a6 13. Nxb6+ cxb6 14. h3 Be6 15. Bxe6+ Qxe6 16. 0-0 b5 17. axb5 axb5 18. d4 exd4 19. Nxd4 Nxd4 20. cxd4 Qc4 21. Qg4+ Qe6 22. Qh5 g5 23. d5 Qf6 24. Rac1 Rhc8 25. Qe2 Rxc1 26. Qxb5+ Kd8 27. Rxc1 Ra1 28. Qb6+ Ke8 29. Qc7 Rxc1+ 30. Qxc1 Kd8 31. Qe3 Qa1+ 32. Kh2 Qe5+ 33. Qg3 Qf6 34. Qf3 Qe5+ 35. g3 Ke7 36. Qe2 Qd4 37. b5 f6 38. Kg2 Kd8 39. Qg4 Qe5 40. b6 Ke7 41. Qf5 Qxf5 42. exf5 h5 43. Kf3 Kf7 44. Kg2 Kg7 45. f3 Kh7 46. h4 gxh4 47. g4 Kh6 48. Kh2 Kg7 49. Kh3 Kh7 50. Kxh4 Kh6 51. Kh3 Kh7 52. Kg3 Kg7 53. Kf4 Kh6 54. Kg3 Kg7 55. Kh3 Kh7 56. Kh4 Kh6 57. gxh5 Kh7 58. h6 Kxh6 59. Kg4 Kg7 1/2-1/2

[Event "Titled Tuesday intern op 31st Oct Early"]
[Site "Chess.com INT"]
[Date "2023.10.31"]
[Round "9"]
[White "Kheerthi, Ganta"]
[Black "Bazilius, Augustinas"]
[Result "0-1"]
[WhiteElo "2030"]
[BlackElo "2138"]
[PlyCount "42"]
[EventDate "2023.10.31"]
[EventType "swiss (blitz)"]
[EventRounds "11"]
[EventCountry "USA"]
[SourceTitle "EXT 2025"]
[Source "ChessBase"]
[SourceDate "2024.10.14"]
[SourceVersion "1"]
[SourceVersionDate "2024.10.14"]
[SourceQuality "1"]

1. d4 Nf6 2. c4 c5 3. d5 e6 4. Nc3 exd5 5. cxd5 d6 6. Nf3 g6 7. Nd2 Bg7 8. e4 0-0 9. Be2 b6 10. 0-0 Ba6 11. Nc4 b5 12. Ne3 b4 13. Bxa6 Nxa6 14. Ne2 Nc7 15. f3 Nd7 16. Nc4 Ne5 17. Nxe5 Bxe5 18. Bf4 Bxb2 19. Rb1 Bg7 20. Qc1 Nb5 21. Qc4 Na3 0-1

[Event "Titled Tuesday intern op 31st Oct Early"]
[Site "Chess.com INT"]
[Date "2023.10.31"]
[Round "5"]
[White "Kheerthi, Ganta"]
[Black "Vivaan, Vishal Shah"]
[Result "1-0"]
[WhiteElo "2030"]
[BlackElo "1774"]
[PlyCount "109"]
[EventDate "2023.10.31"]
[EventType "swiss (blitz)"]
[EventRounds "11"]
[EventCountry "USA"]
[SourceTitle "EXT 2025"]
[Source "ChessBase"]
[SourceDate "2024.10.14"]
[SourceVersion "1"]
[SourceVersionDate "2024.10.14"]
[SourceQuality "1"]

1. d4 Nf6 2. c4 g6 3. Nc3 d5 4. cxd5 Nxd5 5. e4 Nxc3 6. bxc3 Bg7 7. Nf3 c5 8. Bb5+ Nc6 9. d5 Qa5 10. Rb1 a6 11. Bxc6+ bxc6 12. dxc6 0-0 13. 0-0 Qxc3 14. Be3 c4 15. Qa4 Be6 16. c7 Qd3 17. Ng5 Bd7 18. Qa5 h6 19. Rbd1 Qc2 20. Rxd7 hxg5 21. Rd8 Qxe4 22. Rxa8 Qxa8 23. Bxg5 c3 24. Bxe7 Rc8 25. Bd8 Qc6 26. Rc1 Qd6 27. g3 Qd2 28. Qa3 Bf8 29. Qxc3 Qd5 30. Qc4 Qd7 31. Qxa6 Qd2 32. Qc4 Bd6 33. a4 Ba3 34. Rf1 Qa5 35. Qg4 Qa6 36. Qe4 Bd6 37. Rc1 Qb6 38. Rc6 Qb7 39. Qe8+ Kg7 40. Rxd6 Qb1+ 41. Kg2 Qb7+ 42. Kh3 Qf3 43. Qe5+ Kh7 44. Rd7 Ra8 45. Bf6 Qb3 46. Qe7 Kg8 47. Rd8+ Kh7 48. Rxa8 g5 49. Rh8+ Kg6 50. Bxg5 Kf5 51. Qf6+ Ke4 52. Re8+ Kd3 53. Re3+ Kc2 54. Rxb3 Kxb3 55. c8Q 1-0